| 000 | 00818nam a22002412 4500 | ||
|---|---|---|---|
| 001 | 0000012033 | ||
| 005 | 20151217155849.0 | ||
| 008 | 090126s xx 000 0 eng d | ||
| 020 | _a0896297497 : | ||
| 040 |
_aKABU _cKABU |
||
| 245 | 1 | 0 |
_aWater rights reform : _blessons for institutional design / _cedited by Bryan Randolph Bruns, Claudia Ringler, and Ruth Meinzen-Dick. |
| 250 | _a1st ed. | ||
| 260 |
_aWashington, D. C. : _bI. F. P. R. I., _c2005. |
||
| 300 | _axxi, 336 p. | ||
| 650 | 0 |
_aWater rights. _@0000166234 |
|
| 650 | 0 |
_aLaw reform. _@0000166843 |
|
| 700 | 1 |
_aBruns, Bryan Randolph. _@0000168212 |
|
| 700 | 1 |
_aRingler, Claudia. _@0000168213 |
|
| 700 | 1 |
_aMeinzen-Dick, Ruth. _@0000168214 |
|
| 852 | 1 | _9p650 KES | |
| 908 | _a090126 | ||
| 950 | _@1 | ||
| 999 |
_c13429 _d13429 |
||